| 000 | 00861nam a2200265 a 4500 | ||
|---|---|---|---|
| 001 | 69478 | ||
| 003 | BD-RjUL | ||
| 005 | 20211209081908.0 | ||
| 008 | 170412s1957 nyua 001 0 eng d | ||
| 035 | _a(BD-RjUL)69690 | ||
| 040 |
_aBD-RjUL _beng _cBD-RjUL |
||
| 041 | _aeng | ||
| 082 |
_223 _a515.7 _bHIF 1957 |
||
| 100 | 1 |
_aHille, Einar, _d1894-1979 _9153566 |
|
| 245 | 1 | 0 |
_aFunctional analysis and semi-groups / _cby Einar Hille |
| 250 | _arev. ed. | ||
| 260 |
_aNew York : _bAmerican Mathematical Society, _cc1957 |
||
| 300 |
_axi, 808 p. ; _c26 cm. |
||
| 490 | 1 |
_aColloquium publications (American Mathematical Society) ; _vvol.31 |
|
| 504 | _aBibliography: p.507-518 | ||
| 650 | 0 |
_aFunctional analysis _9205805 |
|
| 650 | 0 |
_aTopology _9205806 |
|
| 830 | 0 |
_aColloquium publications (American Mathematical Society) ; _vvol.31 _9151390 |
|
| 942 |
_2ddc _cBK |
||
| 999 |
_c69478 _d69478 |
||